000
00315nam a22001457a 4500
003
OSt
005
20160727222352.0
008
160622b xxu||||| |||| 00| 0 eng d
040
_c
Test
100
_9
419
_a
Hawkey, R
245
_a
Evolution
260
_a
Landon
_b
Genesis
_c
1986
300
_a
Evolution
942
_2
ddc
_c
BK
999
_c
342
_d
342